[Event "Let's Play Chess!"]
[Site "http://www.queenalice.com/game.php?id=1252149"]
[Date "2014.1.28"]
[Round "-"]
[White "Nimzou"]
[Black "Turtoise91"]
[Result "0-1"]
[WhiteElo "1229"]
[BlackElo "1637"]

1. e4 e5 2. d3 Nf6 3. Nf3 Nc6 4. Nbd2 d5 5. g3 dxe4 6. c3 exf3 7. Nxf3 Be7 8.
Bg2 e4 9. Nd4 Nxd4 10. O-O Nf3+ 11. Bxf3 exf3 12. Qxf3 c6 13. Bg5 O-O 14. h4 Qd5
15. Kg2 Be6 16. Bxf6 Bxf6 17. Qxd5 Bxd5+ 18. f3 Rfe8 19. Rae1 Rxe1 20. Rf2 Rae8
21. g4 Bxh4 22. Kh3 Bxf2 23. d4 Bxf3 0-1

[Event "Let's Play Chess!"]
[Site "http://www.queenalice.com/game.php?id=1252163"]
[Date "2014.1.29"]
[Round "-"]
[White "Delbo"]
[Black "Turtoise91"]
[Result "0-1"]
[WhiteElo "2196"]
[BlackElo "1665"]

1. Nf3 Nf6 2. g3 d5 3. c4 c6 4. Bg2 dxc4 5. Qc2 Qd5 6. Nc3 Qh5 7. b3 cxb3 8.
axb3 Bh3 9. O-O Bxg2 10. Kxg2 e6 11. Bb2 Nbd7 12. e3 Bb4 13. Ba3 Bxa3 14. Rxa3
O-O 15. Rfa1 a6 16. Ra5 Nd5 17. h3 Rfd8 18. Nxd5 exd5 19. R5a4 Re8 20. Rh4 Qg6
21. d3 Ne5 22. Nxe5 Rxe5 23. Rb4 Re7 24. Qc5 Rd7 25. Rb6 Qxd3 26. Ra4 h6 27.
Rab4 Ra7 28. Rd4 Qf5 29. Rbb4 Ra8 30. e4 Qe5 31. f4 Qe8 32. Rd2 a5 33. Ra4 b5
34. Rad4 Re7 35. Kf2 Rxe4 36. Rxe4 dxe4 37. Ke2 Rd8 38. Rxd8 Qxd8 39. Qc2 Qd3+
40. Qxd3 exd3+ 0-1

[Event "Let's Play Chess!"]
[Site "http://www.queenalice.com/game.php?id=1252164"]
[Date "2014.1.29"]
[Round "-"]
[White "Turtoise91"]
[Black "Enzo1945"]
[Result "1-0"]
[WhiteElo "1637"]
[BlackElo "1433"]

1. e4 e5 2. Nf3 Nf6 3. Nxe5 Nc6 4. Nxc6 bxc6 5. Nc3 Bc5 6. d4 Bb4 7. e5 O-O 8.
exf6 Qxf6 9. Bd3 d6 10. a3 Bxc3+ 11. bxc3 Be6 12. O-O d5 13. Qh5 g6 14. Bg5 Qg7
15. Qh4 f6 16. Bh6 g5 17. Bxg7 gxh4 18. Bxf8 Kxf8 19. Bxh7 Kg7 20. Bd3 Rh8 21.
Rab1 h3 22. g3 Bg4 23. f3 Bh5 24. Rb7 Kh6 25. Rxc7 Re8 26. Rh7+ Kg5 27. f4+ Kg4
28. Rg7+ Bg6 29. Rxg6+ Kh5 30. g4+ Kh4 31. Bf5 Re2 32. Rh6# 1-0

[Event "Let's Play Chess!"]
[Site "http://www.queenalice.com/game.php?id=1252165"]
[Date "2014.1.29"]
[Round "-"]
[White "JamesBrown"]
[Black "Turtoise91"]
[Result "0-1"]
[WhiteElo "1415"]
[BlackElo "1500"]

1. e4 e5 2. Nf3 Nc6 3. Bc4 Nf6 4. Ng5 d5 5. Bb5 Bc5 6. O-O Bg4 7. Qe1 O-O 8. h3
Nd4 9. Ba4 Bd7 10. Bxd7 Nxd7 11. Na3 Qxg5 12. exd5 Nf3+ 13. Kh1 Nxe1 14. Rxe1
Qf5 15. d4 Bxa3 16. b3 Bxc1 17. Raxc1 exd4 18. Re7 Rfe8 19. Rce1 Rxe7 20. Rxe7
Kf8 21. Re2 Re8 22. Rxe8+ Kxe8 23. d6 cxd6 24. a4 Qxf2 25. g4 Ne5 26. g5 Nf3 0-1

[Event "Let's Play Chess!"]
[Site "http://www.queenalice.com/game.php?id=1254121"]
[Date "2014.2.6"]
[Round "-"]
[White "Turtoise91"]
[Black "Rider"]
[Result "1-0"]
[WhiteElo "1737"]
[BlackElo "1619"]

1. e4 e5 2. Nf3 d6 3. d4 Nc6 4. Bb5 Bd7 5. Nc3 Nb4 6. Bxd7+ Qxd7 7. O-O f6 8. a3
Na6 9. b4 Qc6 10. Qd3 Qd7 11. b5 Nb8 12. Rd1 c6 13. a4 a6 14. Ba3 axb5 15. axb5
cxb5 16. Nxb5 Ra5 17. c4 b6 18. dxe5 fxe5 19. Bxd6 Rxa1 20. Rxa1 Bxd6 21. Qxd6
Qxd6 22. Nxd6+ Ke7 23. Nf5+ Kf6 24. Ra8 Nd7 25. c5 Nxc5 26. Rf8+ Ke6 27. Ng5+
Kd7 28. Nf7 h5 29. Nxh8 Nf6 30. f3 Ne6 31. Rf7+ Kd8 32. Nxg7 Nxg7 33. Rxf6 b5
34. Rb6 Kc7 35. Rxb5 Kd6 36. Nf7+ Ke6 37. Nxe5 h4 38. Ng6 Kf6 39. Nxh4 Ne6 40.
Rb6 Kf7 41. Rxe6 Kxe6 42. f4 Kf6 43. e5+ Ke6 44. g4 Kf7 45. f5 Ke7 46. Ng6+ Kf7
47. e6+ Ke8 48. f6 1-0

[Event "Let's Play Chess!"]
[Site "http://www.queenalice.com/game.php?id=1254122"]
[Date "2014.2.6"]
[Round "-"]
[White "Turtoise91"]
[Black "Ruusgugg"]
[Result "1-0"]
[WhiteElo "1665"]
[BlackElo "1345"]

1. e4 e5 2. Nf3 Nc6 3. Bb5 Bc5 4. c3 a6 5. Bxc6 bxc6 6. Nxe5 Qe7 7. d4 Bd6 8. f4
c5 9. O-O cxd4 10. cxd4 Bb7 11. Nc3 f6 12. Qh5+ g6 13. Nxg6 Qf7 14. f5 O-O-O 15.
Qh4 c5 16. Nxh8 Qg7 17. Bf4 Bxf4 18. Qxf4 cxd4 19. Nd5 Nh6 20. Qc7# 1-0

[Event "Let's Play Chess!"]
[Site "http://www.queenalice.com/game.php?id=1255795"]
[Date "2014.2.13"]
[Round "-"]
[White "Turtoise91"]
[Black "BartolomeuDias"]
[Result "1/2-1/2"]
[WhiteElo "1761"]
[BlackElo "2588"]

1. e4 e5 2. Nf3 Nc6 3. Bb5 a6 4. Ba4 Be7 5. O-O Nf6 6. Re1 b5 7. Bb3 O-O 8. h3
d6 9. c3 Na5 10. Bc2 c5 11. d4 Qc7 12. Nbd2 cxd4 13. cxd4 Rd8 14. b3 Nc6 15. Bb2
Bb7 16. Rc1 Qb6 17. Nf1 d5 18. dxe5 Nxe4 19. Qe2 Rac8 20. Ne3 Bc5 21. Bxe4 dxe4
22. Ng5 Nxe5 23. Bxe5 f6 24. Qh5 fxg5 25. Qxg5 Qg6 26. Qxg6 hxg6 27. Kf1 Kf7 28.
Rc2 Bb6 29. Rxc8 Bxc8 30. Rc1 Bb7 31. Ke2 a5 32. Bb2 Rd7 33. Ng4 Ke6 34. Ne5 Rd5
35. Ng4 Rd7 36. Ne5 Rd5 37. Ng4 1/2-1/2

[Event "Let's Play Chess!"]
[Site "http://www.queenalice.com/game.php?id=1255803"]
[Date "2014.2.13"]
[Round "-"]
[White "BartolomeuDias"]
[Black "Turtoise91"]
[Result "1/2-1/2"]
[WhiteElo "2588"]
[BlackElo "1761"]

1. d4 Nf6 2. c4 e6 3. Nc3 Bb4 4. e3 O-O 5. Bd3 d5 6. Nf3 c5 7. O-O cxd4 8. exd4
dxc4 9. Bxc4 b6 10. Qb3 Bxc3 11. bxc3 Bb7 12. Ba3 Re8 13. Ne5 Nbd7 14. Bb5 a6
15. Bxd7 Nxd7 16. Nxd7 Qxd7 17. Qxb6 e5 18. Qd6 Qf5 19. f3 Rad8 20. Qb6 Bd5 21.
Rfe1 exd4 22. cxd4 Qd3 23. Bc5 h6 24. Rad1 Qc3 25. Bb4 Qb2 26. a3 Bb3 27. Rb1
Rxe1+ 28. Bxe1 Qxb1 29. Qxd8+ Kh7 30. Qe7 Be6 31. Qb4 Qxb4 32. Bxb4 Kg6 33. Kf2
h5 34. Kg3 Bd5 35. Kf4 Kf6 36. h4 g6 37. a4 Ke6 38. Kg5 Bc6 1/2-1/2

[Event "Let's Play Chess!"]
[Site "http://www.queenalice.com/game.php?id=1257203"]
[Date "2014.2.16"]
[Round "-"]
[White "Turtoise91"]
[Black "Eggchaser"]
[Result "1-0"]
[WhiteElo "1674"]
[BlackElo "1968"]

1. e4 c5 2. Nf3 d6 3. c3 Nf6 4. h3 Nc6 5. Bd3 g6 6. Bc2 Bg7 7. O-O O-O 8. d4
cxd4 9. cxd4 a6 10. Nc3 Qc7 11. Re1 b5 12. Bg5 h6 13. Bxf6 Bxf6 14. Nd5 1-0

[Event "Let's Play Chess!"]
[Site "http://www.queenalice.com/game.php?id=1260749"]
[Date "2014.3.1"]
[Round "-"]
[White "igorjava"]
[Black "Turtoise91"]
[Result "0-1"]
[WhiteElo "1897"]
[BlackElo "1792"]

1. e4 e5 2. f4 exf4 3. Nf3 g5 4. h3 Bg7 5. Bc4 d6 6. d4 h6 7. O-O Ne7 8. e5 dxe5
9. Nxe5 O-O 10. c3 Bxe5 11. dxe5 Qxd1 12. Rxd1 Nbc6 13. Re1 Ng6 14. Nd2 Ncxe5
15. Bb3 Nd3 16. Re2 Bf5 17. Ne4 Bxe4 18. Rxe4 Rfe8 19. Rxe8+ Rxe8 20. Bc2 Re1+
21. Kh2 Rxc1 22. Rxc1 Nxc1 23. a3 Ne2 24. Bd1 Ng3 25. Bf3 b6 26. b3 Ne5 27. a4
Nxf3+ 28. gxf3 Ne2 29. c4 c5 0-1

[Event "Let's Play Chess!"]
[Site "http://www.queenalice.com/game.php?id=1260750"]
[Date "2014.3.1"]
[Round "-"]
[White "Turtoise91"]
[Black "igorjava"]
[Result "1-0"]
[WhiteElo "1761"]
[BlackElo "1887"]

1. e4 c5 2. Nf3 d6 3. c3 Nf6 4. h3 e6 5. Bd3 a6 6. Bc2 e5 7. d4 exd4 8. cxd4
cxd4 9. O-O Nc6 10. Nxd4 Be7 11. Nc3 O-O 12. Bg5 h6 13. Bf4 Qc7 14. Rc1 b5 15.
Nd5 Nxd5 16. exd5 Qb6 17. Nxc6 Kh8 18. Nxe7 Bb7 19. Qd3 g6 20. Nxg6+ fxg6 21.
Qxg6 Qc7 22. Bxd6 Rg8 23. Qxh6+ 1-0

[Event "Challenge"]
[Site "http://www.queenalice.com/game.php?id=1270327"]
[Date "2014.4.4"]
[Round "-"]
[White "micbodu75"]
[Black "Turtoise91"]
[Result "0-1"]
[WhiteElo "1840"]
[BlackElo "1820"]

1. d4 Nf6 2. c4 e6 3. Nc3 Bb4 4. Bd2 O-O 5. e4 Bxc3 6. bxc3 Nxe4 7. Nf3 b6 8.
Bd3 Bb7 9. h4 f5 10. Ne5 d6 11. Bg5 Nxg5 12. hxg5 Qxg5 13. Nf3 Qxg2 14. Rg1 Qxf3
15. Qxf3 Bxf3 16. Kd2 Nd7 17. Rg3 Bh5 18. f4 Nf6 19. Kc2 d5 20. Rag1 Rf7 21. c5
Ne4 22. Rh3 Bg4 23. Rh4 Rf6 24. Rh2 Rh6 25. Rgg2 Rxh2 26. Rxh2 Rf8 27. Bb5 Rf6
28. Bd7 Kf7 29. Kb3 bxc5 30. dxc5 Nxc5+ 31. Ka3 Nxd7 32. Rb2 h5 33. Rb7 Ke7 34.
Rxc7 a6 35. Kb4 Kd6 36. Ra7 Be2 37. a4 h4 38. Ra8 h3 39. Rc8 h2 0-1